000 00517nam a2200181Ia 4500
999 _c33786
_d33786
003 OSt
005 20200907120947.0
008 190216s9999||||xx |||||||||||||| ||und||
020 _a9788121904179
040 _coclc
082 _a536.7
_bLAL/H
100 _aLal, Brij
_94328
245 0 _aHeat And Thermodynamics /
_cBrij Lal ; N Subrahmanyam
260 _bSulthan Chand& Company,
_c2001.
_aNew Delhi:
300 _a508p
650 _aPhysics
942 _cBK
_2ddc
_h536.7
_iLAL/H
_k536.7
_mLAL/H